Post-Pandemic Travel Behaviour: Case From Republic of Serbia

Vnímanie správania turistov po pandémii COVID-19 v Srbsku. Testovanie modelu plánovaných ciest (Teória plánovaného správania - TPB) v budúcnosti s cieľom identifikovať postpandemické cestovné správanie. Prvky ovplyvňujúce turistov pre zrealizovanie plánovaných výletov - vnímanie rizika, zámer cesty,...

Ausführliche Beschreibung

Gespeichert in:
Bibliographische Detailangaben
1. Verfasser: Pantović, Danijela
Weitere Verfasser: Lakićević, Marija, Petrović, Tijana
Format: Buchkapitel
Sprache:Englisch
Schlagworte:
Tags: Tag hinzufügen
Keine Tags, Fügen Sie das erste Tag hinzu!

MARC

LEADER 00000naa$a2200000$$$4500
001 0283817
005 20240417075206.2
041 0 |a eng 
044 |a SK 
245 1 0 |a Post-Pandemic Travel Behaviour: Case From Republic of Serbia  |c Danijela Pantović, Marija Lakićević, Tijana Petrović 
520 |a Vnímanie správania turistov po pandémii COVID-19 v Srbsku. Testovanie modelu plánovaných ciest (Teória plánovaného správania - TPB) v budúcnosti s cieľom identifikovať postpandemické cestovné správanie. Prvky ovplyvňujúce turistov pre zrealizovanie plánovaných výletov - vnímanie rizika, zámer cesty, zmeny v správaní a postoje, subjektívne normy a vnímaná kontrola správania. 
610 2 0 |a správanie 
610 2 0 |a ruch cestovný 
610 2 0 |a koronavírus 
610 2 0 |a pandémia 
610 2 0 |a Srbsko 
100 1 |a Pantović, Danijela 
700 1 |a Lakićević, Marija 
700 1 |a Petrović, Tijana